000 01159nam0a2200325 4500
001 RU\NLR\bibl\1824719
005 20250616162209.0
010 _a978-5-17-074025-3
_bАСТ
010 _a978-5-271-36547-8
_bАстрель
010 _a978-5-226-04206-5
_911000
_bВКТ
021 _aRU
_b2011-75083
_95336
035 _a(NLR Aleph) 001815252
090 _a1928755
_c1928755
100 _a20111024d2011 |||y0rusy50 ca
101 1 _arus
_ceng
102 _aRU
105 _ay |||||||||
200 1 _aПричуды аристократов
_e[сборник]
_f[пер. с англ. В.А. Сухановой]
210 _aМосква
_cАСТ
_cАстрель
_cВладимир
_cВКТ
_d2011
215 _a285, [2] с.
_d17
225 1 _aОчарование
225 1 _aмини ШАРМ
300 _aНа обл. авт.: Джулия Куин, Миа Райан
327 1 _aСодерж.: Первый поцелуй / Джулия Куин. Последнее искушение / Миа Райан
801 0 _aRU
_bNLR
_c20111024
_gRCR
801 1 _aRU
_bNLR
_c20111024
942 _cBOOK
980 _aNB
980 _aNBR